Porovnanie bilancie vlhkosti v závislosti od materiálovej skladby rôznych ekologických obvodových konštrukcií drevostavieb.

Salvato in:
Dettagli Bibliografici
Autore principale: Hellová, Katarína Eva (Autore)
Altri autori: Struhárová, Alena (Relatore della tesi)
Natura: Manoscritto Libro
Lingua:slovacco
Pubblicazione: 2017
Soggetti:
Accesso online:http://is.stuba.sk/zp/portal_zp.pl?podrobnosti=125967
https://opac.crzp.sk/?fn=detailBiblioForm&sid=4B7A8F8230E492173214668DC396
Tags: Aggiungi Tag
Nessun Tag, puoi essere il primo ad aggiungerne!!

MARC

LEADER 00000ntm a22000003a 4500
001 stuzp63492
003 SK-STU
005 20230811113143.7
007 ta
008 150427s2015----xo-----f-mn---000-0-slo-d
040 |a STU  |b slo 
041 0 |a slo 
100 1 |a Hellová, Katarína Eva  |u 010260  |4 aut  |U SvF Stavebná fakulta  |T SvF Katedra materiálového inžinierstva  |X 54675  |U V260  |Y 27  |7 54675 
242 0 1 |a The comparison of humidity balance according to material composition of various ecological circuit coats of wooden constructions  |y eng 
245 1 0 |a Porovnanie bilancie vlhkosti v závislosti od materiálovej skladby rôznych ekologických obvodových konštrukcií drevostavieb. 
260 |c 2017 
650 4 |a drevostavba  |2 slo 
650 4 |a vlhkosť  |2 slo 
650 4 |a obvodový plášť  |2 slo 
650 4 |a wooden construction  |2 eng 
650 4 |a humidity  |2 eng 
650 4 |a building envelope  |2 eng 
700 1 |a Struhárová, Alena  |u 010260  |k Z1  |4 ths  |U SvF Stavebná fakulta  |T SvF Katedra materiálového inžinierstva  |X 916  |U V260  |Y 27  |7 A000000916 
856 4 |u http://is.stuba.sk/zp/portal_zp.pl?podrobnosti=125967 
856 4 |u https://opac.crzp.sk/?fn=detailBiblioForm&sid=4B7A8F8230E492173214668DC396